000 01080nam a2200313 c 4500
003 BLK
005 20180422105539.0
008 180409b bul|||||r ||||||| ||bul||
010 _aKNG00108746000
020 _a954-8919-25-7
_bиздат.: Черноризец Храбър
040 _aBLK
041 _aBUL
_cBUL
080 _aБългарска литература
_b821.163.2
_x-32
_z821.163.2-32
100 1 _aПанайотов, Атанас
_eпърви автор
_9366672
139 _aПанайотов, Атанас
_bП 17
245 1 0 _aОкови
_bКн. за всички българи : Новели
_cАтанас Панайотов.
246 1 1 _aShackles
257 _aBGR
260 София
_bЧерноризец Храбър
_c2003
_fСофия : Nasco International
300 _a187 с.
_c23 см
380 _aX
500 _aОфс. изд. - 999 тир.
653 _aновели
852 _aЦб 216536
856 4 _qpdf
_u
856 4 _qpdf
_u
942 _cKNG
_n0
944 _aCR
_c04.11.2003
_kЛюдмила_Стоянова
944 _aED
_c26.04.2004
_k
999 _c103668
_d103668